Responses for Show #8623 - Wednesday, April 20, 2022

Mattea Roach game 12.
Single-player Final Jeopardy!

Contestants

[<< previous game]

Sean Wong, an IT support student from Wayzata, Minnesota

Loni Lewis, a teacher librarian from Charleston, South Carolina

Mattea Roach, a tutor from Toronto, Ontario, Canada (whose 11-day cash winnings total $244,882)

[next game >>]

Jeopardy! Round responses

THE LEAGUE LEADER
BEACH, BAY "B"
ACTORS, INITIALLY
THEATRICAL HAPPENINGS
WE ARE SWOLEMATES
THE HUNGER NAMES
    $200 5
the League of Nations

Mattea
    $200 1
the Bay of Bengal

Mattea
    $200 13
(Loni: [*]? Who is [*]?)

Jamie Lee Curtis

Loni
    $200 22
Central Park

Mattea
    $200 30
biceps

Mattea
    $200 18
continental breakfast

Mattea
    $400 6
the League of Women Voters

Mattea
    $400 2
(Sean: What is Rockaway Beach?)

Brighton Beach

LoniSean
    $400 14
Neil Patrick Harris

Mattea
    $400 23
a beanstalk

Mattea
    $400 21
a press

Mattea
    $400 19
the Fourth Meal

Loni
    $600 7
the League of Legends

Mattea
    $600 3
Banzai

Sean
    $600 15
(Ken: Yes, as Chidi.)

William Jackson Harper

Mattea
    $600 24
Enron

Mattea
    $600 10
the abdominals

Mattea
    $600 20
the rubber chicken dinner

Triple Stumper
    $800 8
Cornell University

Sean
    $800 11
(Loni: What is Biscay?)
(Sean: What is Bay of Biscay?)

Biscayne

MatteaLoniSean
    $800 16
Vivica A. Fox

Triple Stumper
    $800 25
Avenue Q

Mattea
    $800 9
thighs

Loni
    $800 27
(Ken: Less than a minute now, Mattea.)

Meals-Ready-to-Eat

Triple Stumper
    $1000 4
the Hanseatic League

Mattea
    $1000 12
Buzzards Bay

Triple Stumper
    $1000 17
Jesse L. Martin

Triple Stumper
    $2,400 26
(Ken: That's correct, and you ran that entire category.)
[Applause]
(Mattea: One of these days I'll learn to wager more money.)

The Cherry Orchard

Mattea
    $1000 29
deltoids

Sean
    $1000 28
elevenses

Mattea

Scores at the first commercial break (after clue 15):

Mattea Loni Sean
$4,800 $600 $200

Scores at the end of the Jeopardy! Round:

Mattea Loni Sean
$11,000 $1,000 $1,200

Double Jeopardy! Round responses

EUROPEAN LITERATURE
THE SCIENTIST WHO...
THE SINGER'S COUNTRY OF BIRTH
NOT TOO "SEX"Y FOR YOU
CAPTAIN AMERICA
I CAN DO THIS ALL DAY
    $400 7
The Phantom of the Opera

Mattea
    $400 23
Francis Crick

Mattea
    $400 3
the U.K.

Sean
    $400 18
a sexist

Mattea
    $400 1
the War of 1812

Sean
    $400 29
yo-yo

Sean
    $800 8
The Stranger

Sean
    $800 24
Pasteur

Sean
    $800 5
Australia

Mattea
    $800 19
a sextant

Loni
    $800 12
Meriwether Lewis

Sean
    $800 26
the odometer

Mattea
    $1200 15
(Ken: Who is [*]? Nobody knows.)
[Laughter]

Elena Ferrante

Mattea
    $2,000 27
(Mattea: [Laughs prior to wagering] I really, really don't rate my science...)
...
(Mattea: I didn't learn my lesson.)

George Washington Carver

Mattea
    $1200 2
Canada

Mattea
    $1200 20
(Loni: A sexte--sextegenerian.)
...
(Ken: There's no "T".)

a sexagenarian

MatteaLoni
    $1200 9
(Loni: What is the Women's Army Corps?)
(Mattea: What is the Women's Auxiliary Corps?)

the Women Accepted for Volunteer (the WAVES)

MatteaLoni
Triple Stumper
    $1200 14
whittling

Mattea
    $1600 16
Keats

Mattea
    $1600 28
Neil deGrasse Tyson

Triple Stumper
    $1600 4
Cuba

Loni
    $1600 21
(Mattea: What is Sexton?)
(Sean: What is Sussex?)
(Loni: What is Essex?)

Middlesex County

MatteaLoniSean
Triple Stumper
    $4,800 11
(Ken: Sean?)
(Sean: Uh...)
[After the time's up signal]
(Sean: Who is Sully?)
(Ken: No, Acheson was [*]'s Secretary of State.)

Harry Truman

Sean
    $1600 13
Culloden

Triple Stumper
    $2000 17
Goethe

Mattea
    $2000 30
(Mattea: Who is Bernoulli?)

Blaise Pascal

Mattea
Triple Stumper
    $2000 6
Haiti

Mattea
    $2000 22
Essex

Triple Stumper
    $2000 10
the Monitor

Sean
    $2000 25
(Sean: What are frogfish?)

kissing gourami

Sean
Triple Stumper

Scores at the end of the Double Jeopardy! Round:

Mattea Loni Sean
$21,400 -$600 -$1,600
(lock game)

[wagering suggestions for these scores]

Final Jeopardy! Round responses

ON THE INTERNET
(Ken: The online educational platform with personalized tutorials from originally those three famous folks.)
MatteaWhat is Masterclass?
$5,000
MasterClass

Final scores:

Mattea Loni Sean
$26,400 -$600 -$1,600
12-day champion: $271,282 2nd place: $2,000 3rd place: $1,000

Game dynamics:

Coryat scores:

Mattea Loni Sean
$19,200 -$600 $3,200
31 R
(including 2 DDs),
3 W
6 R,
4 W
10 R,
5 W
(including 1 DD)

Combined Coryat: $21,800

[game clues] [game scores] [suggest correction]

Game tape date: 2022-02-09
The J! Archive is created by fans, for fans. Scraping, republication, monetization, and malicious use prohibited; this site may use cookies and collect identifying information. See terms. The Jeopardy! game show and all elements thereof, including but not limited to copyright and trademark thereto, are the property of Jeopardy Productions, Inc. and are protected under law. This website is not affiliated with, sponsored by, or operated by Jeopardy Productions, Inc. Join the discussion at JBoard.tv.